000 00709nam a2200253 a 4500
999 _c6745
_d6745
001 6745
003 Mx-PuUPA
005 20190617113205.0
008 140415s1982 mx r 000 0 spa d
040 _cMx-PuUPA
041 _aspa
082 0 _a920
_bMAY
100 1 _aMay, Georges,
_eautor
245 1 3 _aLa autobiografía /
_cGeorges May.
264 1 _aMéxico :
_bFondo de Cultura Económica,
_c1982
300 _a281 páginas ;
_c18 cm.
336 _atexto
_2rdacontent
337 _asin medio
_2rdamedia
338 _avolumen
_2rdacarrier
490 0 _aBreviarios del Fondo de Cultura Económica ;
_v327
650 0 _aAutobiografía
700 1 _aTorres Fierro, Danubio,
_etraductor
942 _2ddc
_cLI